[Event "Sparkassen-Open A"]
[Site "Heusenstamm, Martinsee"]
[Date "2021.11.19"]
[Round "3.48"]
[White "Kirchner, Markus"]
[Black "Gollon, Sinan"]
[Result "1-0"]
[WhiteElo "1995"]
[BlackElo "1309"]
[PlyCount "47"]
[EventDate "2021.??.??"]
[WhiteTeam "SF Schöneck"]
[BlackTeam "Karlsruher SF"]

1. e4 e6 2. d4 d5 3. Nd2 dxe4 4. Nxe4 Nf6 5. Bd3 Nc6 6. Nf3 Be7 7. c3 b6 8. Qc2
h6 9. Nxf6+ Bxf6 10. Bf4 Bb7 11. Be4 O-O 12. O-O-O Na5 13. h4 Bxe4 14. Qxe4 Qd5
15. Qxd5 exd5 16. Bxc7 Rac8 17. Be5 Rc6 18. Rhe1 Re8 19. Re2 Nc4 20. Rde1 Bxe5
21. Nxe5 Rce6 22. Kd1 Nxb2+ 23. Rxb2 f6 24. Nf3 1-0

[Event "Sparkassen-Open A"]
[Site "Heusenstamm, Martinsee"]
[Date "2021.11.19"]
[Round "3.49"]
[White "Glöckler, Christian"]
[Black "Pauls, Wilhelm"]
[Result "0-1"]
[WhiteElo "1397"]
[BlackElo "1993"]
[PlyCount "94"]
[EventDate "2021.??.??"]
[WhiteTeam "SC Lindenholzhausen"]
[BlackTeam "SG Kaarst"]

1. e4 c5 2. Nf3 Nc6 3. d4 cxd4 4. Nxd4 Nf6 5. Nc3 d6 6. Bc4 Bd7 7. Bg5 e6 8. f4
Qb6 9. Nb3 a5 10. a4 Rc8 11. Bb5 Be7 12. Qd2 O-O 13. O-O-O Rfd8 14. Rhe1 Be8
15. Qe2 Nb4 16. e5 dxe5 17. fxe5 Nfd5 18. Bxe7 Nxe7 19. Bxe8 Rxe8 20. Rd6 Qc7
21. Red1 Ned5 22. Nxd5 exd5 23. R6xd5 Nxd5 24. Rxd5 b6 25. Nd4 Qb7 26. Rd6 Qe7
27. Rd5 Qb4 28. Nf5 Qf4+ 29. Ne3 Rxe5 30. Rd3 Rce8 31. Kd2 Qxa4 32. Qf2 Qb4+
33. Kc1 Qe7 34. Kd2 b5 35. g3 a4 36. c3 a3 37. bxa3 Qxa3 38. Nc2 Qe7 39. Nd4 b4
40. Qf4 Re4 41. Qf3 Qa7 42. Nc2 b3 43. Nb4 Qe7 44. Kc1 Re2 45. h4 Qa7 46. Kb1
Qg1+ 47. Rd1 Qxd1# 0-1

[Event "Sparkassen-Open A"]
[Site "Heusenstamm, Martinsee"]
[Date "2021.11.19"]
[Round "3.50"]
[White "Hebauf, Markus"]
[Black "Burkhardt, Holger"]
[Result "0-1"]
[WhiteElo "1541"]
[BlackElo "1987"]
[PlyCount "28"]
[EventDate "2021.??.??"]
[WhiteTeam "Sfr. Kelkheim"]
[BlackTeam "SK Gießen"]

1. d4 d6 2. c4 e5 3. Nc3 Nd7 4. Nf3 Ngf6 5. e4 Be7 6. Bd3 O-O 7. O-O c6 8. Bg5
h6 9. Bh4 Nh5 10. Bxe7 Qxe7 11. Nxe5 dxe5 12. Qxh5 exd4 13. Ne2 Ne5 14. Rad1
Bg4 0-1

[Event "Sparkassen-Open A"]
[Site "Heusenstamm, Martinsee"]
[Date "2021.11.19"]
[Round "3.51"]
[White "Wolf, Ulrich Martin"]
[Black "Klaska, Philipp Leon"]
[Result "1-0"]
[WhiteElo "2152"]
[BlackElo "1745"]
[PlyCount "109"]
[EventDate "2021.??.??"]
[WhiteTeam "SC Hansa Dortmund"]
[BlackTeam "Düsseldorfer SV"]

1. d4 Nf6 2. c4 e6 3. Nf3 b6 4. g3 Ba6 5. Qc2 c5 6. Bg2 Nc6 7. dxc5 Bxc5 8. a3
Bb7 9. O-O O-O 10. Rd1 Ng4 11. e3 Qc7 12. b4 Be7 13. Bb2 Bf6 14. Bxf6 Nxf6 15.
Nc3 a6 16. Rac1 Rac8 17. Na4 d6 18. Qe2 Rfd8 19. h3 h6 20. g4 Nd7 21. g5 h5 22.
g6 fxg6 23. Ng5 Nf8 24. f4 Ne7 25. e4 b5 26. cxb5 Qxc1 27. Rxc1 Rxc1+ 28. Kh2
axb5 29. Qxb5 Bc6 30. Qb6 Rd7 31. b5 Rb7 32. Qe3 Bxb5 33. Qxc1 Bxa4 34. Qd2 Rd7
35. Qb4 Bc6 36. Qb8 Bb7 37. Nxe6 Bc8 38. Ng5 Nh7 39. Qb3+ d5 40. exd5 Nxg5 41.
d6+ Nf7 42. dxe7 Rxe7 43. Qb8 Re8 44. Qc7 Be6 45. a4 Rc8 46. Qb6 Bc4 47. a5 Kh7
48. Be4 Nh8 49. f5 Bf7 50. a6 Re8 51. fxg6+ Nxg6 52. Qb1 Re7 53. Bb7 Re2+ 54.
Kg1 Ra2 55. Qf5 1-0

[Event "Sparkassen-Open A"]
[Site "Heusenstamm, Martinsee"]
[Date "2021.11.19"]
[Round "3.52"]
[White "Gramb, Marius"]
[Black "Nemitz, Alfred"]
[Result "1/2-1/2"]
[WhiteElo "2131"]
[BlackElo "1463"]
[PlyCount "196"]
[EventDate "2021.??.??"]
[WhiteTeam "Brühler SK"]
[BlackTeam "USV Potsdam"]

1. c4 e6 2. g3 Nf6 3. Nf3 d5 4. d4 dxc4 5. Bg2 c5 6. O-O Nc6 7. Qa4 Bd7 8. Qxc4
cxd4 9. Nxd4 Rc8 10. Nxc6 Bxc6 11. Bxc6+ Rxc6 12. Qb5 Qc8 13. Be3 a6 14. Qb3
Be7 15. Nc3 O-O 16. Rfd1 Ng4 17. Bd2 Rd8 18. Be1 Ne5 19. Rxd8+ Bxd8 20. Rd1 Rb6
21. Qc2 Bf6 22. b3 Rc6 23. Qd2 h6 24. Ne4 Be7 25. Qd4 Rc1 26. Rxc1 Qxc1 27.
Qxe5 Qxe1+ 28. Kg2 Qb4 29. e3 Qb6 30. Nd2 Qc6+ 31. Qe4 Qxe4+ 32. Nxe4 Bb4 33.
g4 Kf8 34. Kf3 Ke7 35. h3 e5 36. Ng3 g6 37. Ke4 Be1 38. Kxe5 Bxf2 39. Nf1 f6+
40. Kd5 Kd7 41. a4 b6 42. e4 Bc5 43. Nd2 Bb4 44. Nf3 h5 45. gxh5 gxh5 46. Nd4
Bd6 47. Nf5 Bf4 48. Ng7 h4 49. Nf5 Bg3 50. Nh6 Be5 51. Ng4 Bc3 52. Ne3 Be1 53.
Nc4 Bf2 54. Nb2 Be1 55. Nd3 Bg3 56. b4 Bh2 57. b5 axb5 58. axb5 Bg3 59. Nb2 Be1
60. Nc4 Bf2 61. Nd6 Be1 62. Nf5 Bg3 63. Ng7 Bh2 64. Ne6 Bd6 65. Nd4 Bf4 66. Nf3
Bg3 67. Nd2 Be1 68. Nc4 Bf2 69. Nb2 Bg3 70. Nd3 Bh2 71. Nf2 Be5 72. Ng4 Bc3 73.
Nh6 Be5 74. Ng4 Bc3 75. Kc4 Bb2 76. Nh6 Be5 77. Kd5 Bc3 78. Ng4 Bb2 79. Ne3 Be5
80. Nc4 Bc7 81. e5 fxe5 82. Nxe5+ Bxe5 83. Kxe5 Ke7 84. Kd5 Kd7 85. Ke5 Ke7 86.
Kf4 Kd6 87. Kg4 Kc5 88. Kxh4 Kxb5 89. Kg5 Kc4 90. h4 b5 91. h5 b4 92. h6 b3 93.
h7 b2 94. h8=Q b1=Q 95. Qg8+ Kc3 96. Qg7+ Kd2 97. Qd4+ Qd3 98. Qxd3+ Kxd3
1/2-1/2

[Event "Sparkassen-Open A"]
[Site "Heusenstamm, Martinsee"]
[Date "2021.11.19"]
[Round "3.53"]
[White "Hagner, Bennet"]
[Black "Vangsgaard, Claus"]
[Result "1-0"]
[WhiteElo "2096"]
[BlackElo "1851"]
[PlyCount "95"]
[EventDate "2021.??.??"]
[WhiteTeam "Frankfurter TV"]
[BlackTeam "Vejlby-Risskov"]

1. e4 c6 2. d4 d5 3. e5 Bf5 4. Nf3 e6 5. Be2 c5 6. Be3 Qb6 7. Nc3 Nc6 8. O-O c4
9. Qc1 Rc8 10. Nd1 Nb4 11. Ne1 a5 12. f4 h5 13. c3 Na6 14. Bd2 Ne7 15. Ne3 Be4
16. Bd1 Qc6 17. b3 Nf5 18. Nxf5 Bxf5 19. Bc2 Bxc2 20. Nxc2 g6 21. Ne3 b5 22.
Qb2 Rb8 23. b4 axb4 24. cxb4 Be7 25. Bc3 Kd7 26. a3 Nc7 27. g3 Ra8 28. h3 Ra4
29. Kg2 Qa8 30. g4 Qg8 31. Rh1 Qh7 32. Raf1 Ne8 33. Bd2 f5 34. Nd1 Nc7 35. Nc3
Ra7 36. Ra1 Rb8 37. g5 Qg8 38. a4 bxa4 39. Rxa4 Rxa4 40. Nxa4 Nb5 41. Ra1 Kc6
42. Nc3 Qc8 43. Nxb5 Rxb5 44. Ra7 Rb7 45. Ra6+ Kd7 46. Qa1 Qb8 47. Qa4+ Kd8 48.
Ra8 1-0

[Event "Sparkassen-Open A"]
[Site "Heusenstamm, Martinsee"]
[Date "2021.11.19"]
[Round "3.54"]
[White "Kosak, Matjaz"]
[Black "Neidhardt, Helge"]
[Result "1-0"]
[WhiteElo "1769"]
[BlackElo "2070"]
[PlyCount "39"]
[EventDate "2021.??.??"]
[WhiteTeam "SV Frankfurt Nord"]
[BlackTeam "SK Marburg"]

1. e4 e5 2. Nf3 Nc6 3. Nc3 Nf6 4. d4 exd4 5. Nxd4 Bb4 6. Nxc6 bxc6 7. Bd3 O-O
8. O-O Re8 9. Qf3 Rb8 10. Bg5 h6 11. Bxf6 Qxf6 12. Qxf6 gxf6 13. Ne2 Bc5 14. b3
d6 15. Nf4 Re5 16. Rfe1 Bd7 17. Kf1 Bd4 18. Rad1 f5 19. exf5 Bxf5 20. Bxf5 1-0

[Event "Sparkassen-Open A"]
[Site "Heusenstamm, Martinsee"]
[Date "2021.11.19"]
[Round "3.55"]
[White "Eull, Emil"]
[Black "Heppert, Lars"]
[Result "1/2-1/2"]
[WhiteElo "1799"]
[BlackElo "1833"]
[PlyCount "164"]
[EventDate "2021.??.??"]
[WhiteTeam "SF Neuberg"]
[BlackTeam "SK Neuburg"]

1. c4 e5 2. Nc3 g6 3. Nf3 Bg7 4. g3 Ne7 5. Bg2 O-O 6. O-O c5 7. d3 Nbc6 8. a3
d5 9. cxd5 Nxd5 10. Nxd5 Qxd5 11. Be3 Qd6 12. Rc1 Nd4 13. Nd2 Bg4 14. f3 Bf5
15. Ne4 Bxe4 16. fxe4 Rac8 17. Bh3 Rc6 18. Rf2 f5 19. Bxd4 Qxd4 20. Qb3+ Kh8
21. Rc4 Qe3 22. Kg2 Rcf6 23. exf5 gxf5 24. Qxb7 e4 25. Qxa7 Rh6 26. Qxc5 Qxc5
27. Rxc5 Bd4 28. Rcxf5 Rg8 29. R2f4 Bxb2 30. Rxe4 Bxa3 31. Rfe5 Rf6 32. Re8 Bf8
33. Rg4 h5 34. Rxg8+ Kxg8 35. Be6+ Kg7 36. d4 Bb4 37. d5 Bc5 38. e4 Rf2+ 39.
Kh3 Re2 40. Bf5 Bg1 41. Kh4 Rxh2+ 42. Bh3 Be3 43. Re5 Kg6 44. Re6+ Kf7 45. Ra6
Bd4 46. Kxh5 Rxh3+ 47. Kg4 Rh1 48. Ra3 Re1 49. Rf3+ Ke7 50. Kf5 Kd6 51. g4 Re2
52. g5 Rg2 53. Rf1 Rg3 54. Rh1 Rf3+ 55. Kg4 Rf2 56. Rh6+ Ke7 57. Kh5 Rh2+ 58.
Kg6 Rg2 59. Kf5 Rf2+ 60. Kg4 Rg2+ 61. Kf4 Rf2+ 62. Kg3 Rf1 63. Re6+ Kd7 64. g6
Rg1+ 65. Kf3 Rg5 66. Ra6 Be5 67. Ra7+ Kd6 68. Ra8 Kd7 69. Ra6 Rg3+ 70. Ke2 Rg4
71. Kd3 Rg3+ 72. Kc4 Rc3+ 73. Kb5 Rb3+ 74. Kc5 Rc3+ 75. Kb4 Re3 76. Kc5 Rc3+
77. Kb6 Rg3 78. Kb7 Bd6 79. Rc6 Rg4 80. Rc2 Be5 81. Rc6 Bd6 82. Rc2 Be5 1/2-1/2

[Event "Sparkassen-Open A"]
[Site "Heusenstamm, Martinsee"]
[Date "2021.11.19"]
[Round "3.56"]
[White "Tietzen, Stefan"]
[Black "Tremöhlen, Thomas"]
[Result "1-0"]
[WhiteElo "1887"]
[BlackElo "1982"]
[PlyCount "57"]
[EventDate "2021.??.??"]
[WhiteTeam "SK Gernsheim"]
[BlackTeam "SG Kaarst"]

1. e4 c5 2. Nf3 Nc6 3. d4 cxd4 4. Nxd4 e5 5. Nb5 d6 6. N1c3 a6 7. Na3 Be7 8.
Nc4 Nf6 9. Bg5 b5 10. Bxf6 gxf6 11. Ne3 Be6 12. a4 b4 13. Ncd5 Bxd5 14. Nxd5
Qa5 15. b3 Nd4 16. Bc4 h5 17. O-O Qc5 18. Rc1 Qa7 19. Kh1 f5 20. exf5 Bg5 21.
Rb1 a5 22. Qd3 h4 23. Qe4 Kf8 24. Rbd1 Nc6 25. f6 Nd8 26. f4 exf4 27. Nxf4 Bxf6
28. Rxd6 Kg7 29. Rxf6 1-0

[Event "Sparkassen-Open A"]
[Site "Heusenstamm, Martinsee"]
[Date "2021.11.19"]
[Round "3.57"]
[White "Weiland, Thomas"]
[Black "Ersöz, Can"]
[Result "1/2-1/2"]
[WhiteElo "1799"]
[BlackElo "1964"]
[PlyCount "101"]
[EventDate "2021.??.??"]
[WhiteTeam "SV Oberursel"]
[BlackTeam "SV Würzburg"]

{[%evp 0,101,26,-3,-29,-47,-53,-51,-13,-21,-3,2,2,19,4,-35,-17,4,-15,-49,-7,7,
12,-21,-30,-31,10,11,12,22,28,19,25,-26,-19,-40,-22,-29,-20,-84,-84,-75,-81,
-101,-57,-92,326,365,457,477,532,202,254,253,273,147,166,84,113,122,149,70,86,
91,93,85,98,92,92,95,88,83,80,46,0,0,42,37,30,-15,-6,-25,-5,-35,-35,-35,0,0,0,
0,0,0,0,0,0,0,0,0,0,0,0,0,0,0]} 1. c4 e5 2. g3 Nc6 3. Bg2 f5 4. d3 Nf6 5. Nc3
Bb4 6. Bd2 O-O 7. Nd5 Bxd2+ 8. Qxd2 d6 9. h4 Nd4 10. e3 Ne6 11. h5 c6 12. Nxf6+
Rxf6 13. Ne2 f4 14. exf4 exf4 15. gxf4 Qf8 16. O-O-O Nxf4 17. Nxf4 Rxf4 18. h6
g6 19. Qc3 Rxf2 20. Rde1 Bd7 21. Be4 Rf6 22. Reg1 Bf5 23. Bxf5 Rxf5 24. Rxg6+
Kf7 25. Qg7+ Qxg7 26. Rxg7+ Kf6 27. Re1 Rh5 28. Rf1+ Ke5 29. Rxh7 Kd4 30. Rd1
Rb8 31. Rd2 a5 32. Kc2 Rh3 33. b3 Rh1 34. a3 Rf8 35. Re7 d5 36. Rg7 Rff1 37.
Rg4+ Kc5 38. d4+ Kb6 39. Rg3 Rxh6 40. c5+ Ka7 41. Kc3 Rc1+ 42. Rc2 Rxc2+ 43.
Kxc2 Rh2+ 44. Kc3 Ra2 45. a4 Ra1 46. Rd3 Ra2 47. Rf3 Ra1 48. Rf2 Rg1 49. Rd2
Ra1 50. Kb2 Rg1 51. Kc2 1/2-1/2

[Event "Sparkassen-Open A"]
[Site "Heusenstamm, Martinsee"]
[Date "2021.11.19"]
[Round "3.58"]
[White "Hänselmann, Hendrik"]
[Black "Faber, Lutz"]
[Result "1-0"]
[WhiteElo "1865"]
[BlackElo "1824"]
[PlyCount "59"]
[EventDate "2021.??.??"]
[WhiteTeam "Karlsruher SF"]
[BlackTeam "Zwickauer SC"]

1. e4 d6 2. d4 g6 3. Nc3 Bg7 4. g3 Nd7 5. Bg2 c6 6. Nge2 e5 7. O-O Ngf6 8. h3
O-O 9. Be3 Qe7 10. g4 h5 11. g5 Nh7 12. Qd2 f6 13. gxf6 Bxf6 14. f4 Nb6 15. b3
Be6 16. Rad1 Rad8 17. a4 Bf7 18. Qc1 exd4 19. Bxd4 Bxd4+ 20. Nxd4 d5 21. e5 c5
22. Ndb5 Be6 23. a5 Nc8 24. Nxd5 Qh4 25. Qe3 g5 26. fxg5 Rxf1+ 27. Kxf1 Rf8+
28. Nf6+ Kg7 29. Nc7 Nxg5 30. Qxg5+ 1-0

[Event "Sparkassen-Open A"]
[Site "Heusenstamm, Martinsee"]
[Date "2021.11.19"]
[Round "3.59"]
[White "Bäumer, Frank"]
[Black "Burkart, Lloyd Shang"]
[Result "1-0"]
[WhiteElo "1939"]
[BlackElo "1518"]
[PlyCount "133"]
[EventDate "2021.??.??"]
[WhiteTeam "Gambit Gusenburg"]
[BlackTeam "SV Hofheim"]

1. e4 c5 2. Nf3 d6 3. c4 e5 4. Be2 Nc6 5. O-O g6 6. d3 Bg7 7. Nc3 Nge7 8. Ne1
O-O 9. Nc2 a6 10. Rb1 a5 11. b3 Be6 12. Bg5 f6 13. Bd2 Qd7 14. Ne3 f5 15. Nc2
h6 16. Bf3 f4 17. Nd5 Rae8 18. Bc3 g5 19. Bh5 Rb8 20. Nxe7+ Qxe7 21. Bg4 Rf6
22. Ne1 b6 23. a3 Qd7 24. Bxe6+ Qxe6 25. h3 Rff8 26. Qh5 Qe8 27. Qxe8 Rfxe8 28.
b4 axb4 29. axb4 Nd4 30. Bxd4 cxd4 31. b5 Ra8 32. Nc2 Bf6 33. Ra1 Ra5 34. Nb4
Rea8 35. Na6 Bd8 36. Rfb1 Kf7 37. Kf1 h5 38. f3 h4 39. Ke2 Ke7 40. Kd2 Kf7 41.
Kc2 Ke7 42. Kb2 Kd7 43. Rxa5 bxa5 44. c5 dxc5 45. Nxc5+ Kd6 46. Na4 Rb8 47. Ka2
Ke7 48. Rb3 Kd6 49. Ka3 Kd7 50. Nb2 Be7+ 51. Ka4 Bd6 52. b6 Ra8 53. Nc4 Kc6 54.
b7 Rb8 55. Nxd6 Kxd6 56. Kxa5 Kc7 57. Ka6 g4 58. hxg4 Kd8 59. Ka7 Kc7 60. Rb4
h3 61. gxh3 Kd7 62. Kxb8 Kc6 63. Rc4+ Kb5 64. Kc7 Ka6 65. b8=Q Ka5 66. Rc1 Ka4
67. Ra1# 1-0

[Event "Sparkassen-Open A"]
[Site "Heusenstamm, Martinsee"]
[Date "2021.11.19"]
[Round "3.60"]
[White "Zimmer, Gerald"]
[Black "Busch, Malte"]
[Result "0-1"]
[WhiteElo "1941"]
[BlackElo "1769"]
[PlyCount "70"]
[EventDate "2021.??.??"]
[WhiteTeam "SC Bergen-Enkheim"]
[BlackTeam "SC Hattersheim"]

1. d4 f5 2. g4 d5 3. Qd3 e6 4. Nf3 Be7 5. gxf5 exf5 6. Nc3 Nc6 7. Bf4 Nb4 8.
Qd2 c6 9. a3 Na6 10. Rg1 Nf6 11. Rxg7 Ng4 12. Bg5 Bf6 13. Bxf6 Qxf6 14. Qg5
Qxg5 15. Rxg5 Kf7 16. h3 Kf6 17. Rh5 Kg6 18. hxg4 fxg4 19. Rg5+ Kf6 20. Re5
gxf3 21. exf3 Bf5 22. O-O-O Nc5 23. Rde1 Ne6 24. Rxf5+ Kxf5 25. Bh3+ Kg5 26.
Rxe6 Rae8 27. Re3 Rxe3 28. fxe3 Kh4 29. Bf5 Kg3 30. e4 Kxf3 31. exd5 cxd5 32.
Nxd5 h5 33. Ne7 h4 34. Ng6 h3 35. Ne5+ Ke3 0-1

[Event "Sparkassen-Open A"]
[Site "Heusenstamm, Martinsee"]
[Date "2021.11.19"]
[Round "3.62"]
[White "Kähm, Kevin"]
[Black "Plum, Paul"]
[Result "0-1"]
[WhiteElo "1626"]
[BlackElo "1851"]
[PlyCount "66"]
[EventDate "2021.??.??"]
[WhiteTeam "SK Bischofsheim"]
[BlackTeam "SV Koblenz"]

1. d4 Nf6 2. Nf3 g6 3. g3 Bg7 4. Bg2 O-O 5. O-O d6 6. c3 Nc6 7. d5 Nb8 8. Bg5
c6 9. Bxf6 Bxf6 10. e4 Qb6 11. Qb3 Nd7 12. Qc2 Nc5 13. b4 Na6 14. a3 cxd5 15.
exd5 Bf5 16. Qd2 Rac8 17. Rc1 Rc7 18. Nh4 Bxb1 19. Raxb1 Rfc8 20. Rb3 Nc5 21.
Rbb1 Na4 22. Bh3 Nxc3 23. Bxc8 Nxb1 24. Rxb1 Rxc8 25. Nf3 Rc3 26. Qf4 Qc7 27.
a4 Rc2 28. h4 Rc4 29. Qe3 Qd7 30. Qxa7 Qf5 31. Rb3 Qxd5 32. Qb8+ Kg7 33. Re3
Bd4 0-1

[Event "Sparkassen-Open A"]
[Site "Heusenstamm, Martinsee"]
[Date "2021.11.19"]
[Round "3.63"]
[White "Sittinger, Lutz"]
[Black "Meyer, Marcel"]
[Result "1/2-1/2"]
[WhiteElo "1915"]
[BlackElo "1728"]
[PlyCount "64"]
[EventDate "2021.??.??"]
[WhiteTeam "SK Mainaschaff"]
[BlackTeam "SK Herborn"]

1. e4 c6 2. d4 d5 3. Nc3 dxe4 4. Nxe4 Bf5 5. Ng3 Bg6 6. h4 h6 7. h5 Bh7 8. Nf3
Nd7 9. Bd3 Bxd3 10. Qxd3 e6 11. Bf4 Qa5+ 12. c3 Ngf6 13. b4 Qb5 14. Qxb5 cxb5
15. O-O Nd5 16. Bd2 N7b6 17. Ne5 Rc8 18. Rac1 Be7 19. Ne4 Na4 20. g4 O-O 21.
Nc5 Nxc5 22. bxc5 b6 23. cxb6 Nxb6 24. f4 Nc4 25. Nxc4 Rxc4 26. Rf3 Ra4 27. Rc2
Rc8 28. Rb2 a6 29. Rd3 Rcc4 30. Kg2 Ba3 31. Rb3 Be7 32. Rb2 Ba3 1/2-1/2

[Event "Sparkassen-Open A"]
[Site "Heusenstamm, Martinsee"]
[Date "2021.11.19"]
[Round "3.64"]
[White "Kürschner, Liam"]
[Black "Mohr, Thomas"]
[Result "1/2-1/2"]
[WhiteElo "1641"]
[BlackElo "1887"]
[PlyCount "70"]
[EventDate "2021.??.??"]
[WhiteTeam "SK Langen"]
[BlackTeam "SC FK Babenhausen"]

1. c4 f5 2. g3 Nf6 3. Bg2 c6 4. Nf3 e6 5. d3 d5 6. cxd5 exd5 7. O-O Bd6 8. e3
O-O 9. b3 Nbd7 10. Bb2 Nc5 11. Nc3 Ne6 12. Re1 Bb4 13. a3 Ba5 14. b4 Bb6 15. d4
Ne4 16. a4 Bd7 17. Qd3 a6 18. Ra2 a5 19. Ba3 Rf6 20. Bf1 axb4 21. Bxb4 Ba5 22.
Rb1 Bc8 23. Qc2 Rh6 24. Qb3 Bxb4 25. Qxb4 Qa5 26. Nxe4 fxe4 27. Qxa5 Rxa5 28.
Ne5 Ng5 29. Be2 Nf7 30. Nxf7 Kxf7 31. Rc1 Ke7 32. h4 Rf6 33. Bd1 Kd6 34. Rac2
Bd7 35. Rb2 Bc8 1/2-1/2

[Event "Sparkassen-Open A"]
[Site "Heusenstamm, Martinsee"]
[Date "2021.11.19"]
[Round "3.65"]
[White "Chassard, Cedric"]
[Black "Raumanns, Niklas"]
[Result "1-0"]
[WhiteElo "1954"]
[BlackElo "1682"]
[PlyCount "55"]
[EventDate "2021.??.??"]
[WhiteTeam "SC Schwarzenbach"]
[BlackTeam "SC Bergen-Enkheim"]

1. e4 d6 2. d4 Nf6 3. Nc3 g6 4. Nf3 Bg7 5. Be3 O-O 6. Qd2 c5 7. dxc5 Ng4 8.
O-O-O Nxe3 9. Qxe3 Qa5 10. cxd6 exd6 11. Bc4 Be6 12. Bxe6 fxe6 13. Nd4 Nc6 14.
Nxe6 Bxc3 15. Nxf8 Bxb2+ 16. Kxb2 Rxf8 17. Qb3+ Kh8 18. Qc3+ Qxc3+ 19. Kxc3
Rxf2 20. Rd2 Rf4 21. Re1 Rf6 22. Red1 Rf4 23. Rxd6 Rxe4 24. Rd7 b5 25. Rc7 Rc4+
26. Kb2 a5 27. Rd6 Rb4+ 28. Kc1 1-0

[Event "Sparkassen-Open A"]
[Site "Heusenstamm, Martinsee"]
[Date "2021.11.19"]
[Round "3.66"]
[White "Homberger, Jan"]
[Black "Hesse, Uwe"]
[Result "0-1"]
[WhiteElo "1825"]
[BlackElo "2014"]
[PlyCount "96"]
[EventDate "2021.??.??"]
[WhiteTeam "SSV Weimar"]
[BlackTeam "VL Düsseldorf"]

1. e4 d6 2. d4 Nf6 3. Nc3 Nbd7 4. Nf3 e5 5. Bc4 Be7 6. a4 c6 7. a5 Nxe4 8. Nxe4
d5 9. Nfg5 h6 10. Nxf7 Kxf7 11. Bb3 exd4 12. Qxd4 Nf6 13. O-O Re8 14. Ng3 Bd6
15. f4 b5 16. Bd2 Bf8 17. Bb4 Bxb4 18. Qxb4 Qe7 19. Qxe7+ Rxe7 20. Rfe1 Bd7 21.
Rxe7+ Kxe7 22. c3 Kd6 23. Re1 Rf8 24. Bc2 Ne8 25. Ne2 Nc7 26. g3 c5 27. b4 Re8
28. Kf2 Bg4 29. Nc1 Rxe1 30. Kxe1 c4 31. Ne2 Bxe2 32. Kxe2 d4 33. cxd4 Nd5 34.
Kd2 Nxb4 35. Be4 Nc6 36. Kc3 a6 37. g4 Ne7 38. Bb7 Nd5+ 39. Kd2 Nxf4 40. Bxa6
Kc6 41. Bc8 b4 42. a6 Kb6 43. Bb7 c3+ 44. Kc2 Ne6 45. d5 Nd4+ 46. Kc1 b3 47. d6
Ne2+ 48. Kd1 c2+ 0-1

[Event "Sparkassen-Open A"]
[Site "Heusenstamm, Martinsee"]
[Date "2021.11.19"]
[Round "3.67"]
[White "Rabiya, Karim"]
[Black "Trumpp, Lothar"]
[Result "1-0"]
[WhiteElo "1803"]
[BlackElo "1961"]
[PlyCount "44"]
[EventDate "2021.??.??"]
[WhiteTeam "SK Niederbrechen"]
[BlackTeam "VSG Offenbach"]

1. e4 e5 2. Bc4 Nc6 3. Nc3 Nf6 4. d3 Na5 5. f4 Nxc4 6. dxc4 Bb4 7. Qd3 d6 8.
Nf3 Bxc3+ 9. bxc3 exf4 10. Bxf4 O-O 11. O-O Be6 12. Bg5 Qd7 13. Bxf6 gxf6 14.
Nd4 c5 15. Nf5 Kh8 16. Nxd6 Rad8 17. Rad1 Qa4 18. Qf3 f5 19. exf5 Bxc4 20. Qf4
b5 21. Qh6 Qa5 22. Qf6+ Kg8 1-0

[Event "Sparkassen-Open A"]
[Site "Heusenstamm, Martinsee"]
[Date "2021.11.19"]
[Round "3.68"]
[White "Werner, Rosalie"]
[Black "Eurich, Jannik"]
[Result "0-1"]
[WhiteElo "1746"]
[BlackElo "1907"]
[PlyCount "54"]
[EventDate "2021.??.??"]
[WhiteTeam "VSG Offenbach"]
[BlackTeam "SK Langen"]

1. e4 c5 2. Nf3 d6 3. d4 cxd4 4. Nxd4 Nf6 5. Nc3 a6 6. Be2 g6 7. O-O Bg7 8. Be3
Qc7 9. a4 b6 10. f4 Bb7 11. Bf3 Nbd7 12. Nb3 O-O 13. Qe1 Nc5 14. Nd2 Rfd8 15.
g4 d5 16. e5 d4 17. exf6 dxe3 18. Nde4 exf6 19. f5 Nxe4 20. Nxe4 Re8 21. Nc3
Bxf3 22. Rxf3 Qc5 23. Qe2 Rad8 24. Rd1 Rd2 25. Rxd2 exd2+ 26. Qf2 Qxc3 27. bxc3
d1=Q+ 0-1

[Event "Sparkassen-Open A"]
[Site "Heusenstamm, Martinsee"]
[Date "2021.11.19"]
[Round "3.69"]
[White "Knödler, Marcel"]
[Black "Schellen, Sven"]
[Result "1-0"]
[WhiteElo "1857"]
[BlackElo "1848"]
[PlyCount "53"]
[EventDate "2021.??.??"]
[WhiteTeam "Wiesbadener SV"]
[BlackTeam "SV Frankfurt Nord"]

1. c4 c5 2. g3 Nf6 3. Bg2 d5 4. cxd5 Nxd5 5. Nc3 Nc7 6. Nf3 Nc6 7. d3 e5 8. b3
Be7 9. Bb2 O-O 10. O-O Rb8 11. Rc1 f6 12. Nd2 Bd7 13. Nc4 b6 14. a3 Nd4 15. e3
Nde6 16. Qe2 Re8 17. Rfd1 Bf8 18. Qc2 g5 19. Ne2 g4 20. d4 exd4 21. exd4 Bh6
22. Ra1 Qe7 23. d5 Ng5 24. d6 Qxe2 25. Qxe2 Rxe2 26. dxc7 Rc8 27. Rxd7 1-0

[Event "Sparkassen-Open A"]
[Site "Heusenstamm, Martinsee"]
[Date "2021.11.19"]
[Round "3.70"]
[White "Ehrlacher, Markus"]
[Black "Launert, Martin"]
[Result "1/2-1/2"]
[WhiteElo "1902"]
[BlackElo "1841"]
[PlyCount "41"]
[EventDate "2021.??.??"]
[WhiteTeam "SC Iffezheim"]
[BlackTeam "Sfr. Erbach"]

1. c4 e5 2. g3 Nf6 3. Bg2 c6 4. d4 Bb4+ 5. Bd2 Bxd2+ 6. Qxd2 d6 7. dxe5 dxe5 8.
Qxd8+ Kxd8 9. Nf3 Nbd7 10. Nc3 h6 11. Rd1 Re8 12. e3 Kc7 13. O-O Nb6 14. b3 Bg4
15. h3 Bxf3 16. Bxf3 Rad8 17. Rxd8 Rxd8 18. Rd1 Rxd1+ 19. Bxd1 Nbd7 20. Bc2 a5
21. Kg2 1/2-1/2

[Event "Sparkassen-Open A"]
[Site "Heusenstamm, Martinsee"]
[Date "2021.11.19"]
[Round "3.71"]
[White "Werner, Tom"]
[Black "Linnemann, Caspar"]
[Result "0-1"]
[WhiteElo "1780"]
[BlackElo "1731"]
[PlyCount "114"]
[EventDate "2021.??.??"]
[WhiteTeam "VSG Offenbach"]
[BlackTeam "TuS Coswig"]

1. c4 c5 2. Nc3 Nc6 3. g3 g6 4. Bg2 Bg7 5. Nf3 e6 6. O-O Nge7 7. d3 O-O 8. Bd2
b6 9. Rb1 Bb7 10. a3 d5 11. cxd5 exd5 12. e4 Ne5 13. Nxe5 Bxe5 14. Qc2 Qd7 15.
Ne2 Rfd8 16. f4 Bg7 17. Bc3 dxe4 18. dxe4 Qd3 19. Qxd3 Rxd3 20. Bxg7 Kxg7 21.
Rbd1 Rad8 22. Rxd3 Rxd3 23. Nc3 Rd2 24. Rf2 Rxf2 25. Kxf2 Bc6 26. Bf1 Kf6 27.
Ke3 Ng8 28. Bc4 Ke7 29. Nb5 Bxb5 30. Bxb5 Nf6 31. h3 Ke6 32. Bc4+ Ke7 33. g4
Nd7 34. h4 h6 35. g5 h5 36. e5 Nf8 37. f5 gxf5 38. Kf4 Ng6+ 39. Kxf5 Nxh4+ 40.
Ke4 Ng6 41. Be2 h4 42. Bg4 a6 43. Kf5 Nf8 44. Bf3 Ng6 45. Bg4 Nf8 46. Bf3 b5
47. Bb7 a5 48. Ba6 b4 49. axb4 cxb4 50. Bc4 a4 51. Kg4 Ng6 52. Bd5 a3 53. bxa3
bxa3 54. Ba2 Nxe5+ 55. Kxh4 Kf8 56. Kg3 Kg7 57. Kf4 Nd3+ 0-1

[Event "Sparkassen-Open A"]
[Site "Heusenstamm, Martinsee"]
[Date "2021.11.19"]
[Round "3.72"]
[White "Müdder, Melanie"]
[Black "Füssel, Jan Michael"]
[Result "1-0"]
[WhiteElo "1766"]
[BlackElo "1799"]
[PlyCount "73"]
[EventDate "2021.??.??"]
[WhiteTeam "SG Solingen"]
[BlackTeam "VSG Offenbach"]

1. e4 c5 2. Nf3 Nc6 3. d4 cxd4 4. Nxd4 g6 5. Nc3 Bg7 6. Nb3 d6 7. Be2 Nf6 8.
O-O O-O 9. Re1 a6 10. Bf1 Bd7 11. a4 Rc8 12. a5 Ne5 13. Qd4 Nh5 14. Qa7 Bc6 15.
Nd4 Qd7 16. Ra3 Nf6 17. Rb3 Ra8 18. Qb6 Rab8 19. h3 Qd8 20. f4 Ned7 21. Nxc6
Nxb6 22. Nxd8 Rfxd8 23. axb6 Kf8 24. Bd3 Nd7 25. Be3 e5 26. Nd5 Rdc8 27. Rf1 f6
28. Nc7 Ke7 29. Be2 h5 30. fxe5 Nxe5 31. Bf4 Nc6 32. Rd1 Rd8 33. Rbd3 Ne5 34.
Bxe5 fxe5 35. Rf3 Rf8 36. Rdf1 Bh6 37. Rxf8 1-0